<?xml version="1.0" encoding="UTF-8"?>
<marc:record xmlns:marc="http://www.loc.gov/MARC21/slim">
   <marc:leader>00000nam a2200000 a 4500</marc:leader>
   <marc:datafield ind1="1" ind2=" " tag="100">
      <marc:subfield code="a">Leitner, Franz</marc:subfield>
      <marc:subfield code="4">aut</marc:subfield>
      <marc:subfield code="e">Verfasser/-in</marc:subfield>
   </marc:datafield>
   <marc:datafield ind1=" " ind2=" " tag="653">
      <marc:subfield code="a">Österreich</marc:subfield>
   </marc:datafield>
   <marc:datafield ind1=" " ind2=" " tag="653">
      <marc:subfield code="a">Oberösterreich</marc:subfield>
   </marc:datafield>
   <marc:datafield ind1=" " ind2=" " tag="653">
      <marc:subfield code="a">Geschichte</marc:subfield>
   </marc:datafield>
   <marc:datafield ind1=" " ind2=" " tag="653">
      <marc:subfield code="a">Vöcklabruck</marc:subfield>
   </marc:datafield>
   <marc:datafield ind1=" " ind2=" " tag="653">
      <marc:subfield code="a">Heimatkunde</marc:subfield>
   </marc:datafield>
   <marc:datafield ind1="0" ind2="0" tag="245">
      <marc:subfield code="a">Der Vöcklabrucker Christus und die langobardischen Kupferplatten von Vöcklabruck</marc:subfield>
   </marc:datafield>
   <marc:datafield ind1="0" ind2="0" tag="245">
      <marc:subfield code="c">Franz Leitner</marc:subfield>
   </marc:datafield>
   <marc:datafield ind1=" " ind2="1" tag="264">
      <marc:subfield code="a">Vöcklabruck</marc:subfield>
      <marc:subfield code="b">Druckerei Hitzl</marc:subfield>
      <marc:subfield code="c">2013</marc:subfield>
   </marc:datafield>
   <marc:datafield ind1="1" ind2=" " tag="490">
      <marc:subfield code="a">Vöcklabruck einst und jetzt</marc:subfield>
   </marc:datafield>
   <marc:datafield ind1="1" ind2=" " tag="520">
      <marc:subfield code="a">Anlässlich der Restaurierung der Kirche St. Ägid (Dörflkirche) von Vöcklabruck kam ein Fund zu Tage, der weit über Österreich hinaus, ja bis nach Amerika, die Menschen und Fachwelt der Kunst in Erstaunen setzte. Als Unikat und mit nichts Vergleichbares bewegt er bis heute die Wissenschaft und Forschung. Die vier vergoldeten Kupferplatten geben immer noch viele Rätsel auf hinsichtlich Verwendung, Datierung und Deutung der dargestellten Gestalten. Diese Schrift fasst die ersten Darstellung und Bestandsaufnahme der wichtigsten Erkenntnisse zusammen.</marc:subfield>
   </marc:datafield>
   <marc:datafield ind1="3" ind2=" " tag="024">
      <marc:subfield code="a">3950165495</marc:subfield>
   </marc:datafield>
   <marc:datafield ind1=" " ind2=" " tag="300">
      <marc:subfield code="a">116 S.</marc:subfield>
   </marc:datafield>
</marc:record>
